| 000 | 01523nam0a2200361 4500 | ||
|---|---|---|---|
| 001 | RU\NLR\BIBL_A\012137987 | ||
| 005 | 20191128105722.0 | ||
| 010 |
_a978-5-00153-002-2 _95000 |
||
| 021 |
_aRU _bКН-П-19-077856 _9КН-П-19-5643 |
||
| 035 | _a(NLR Aleph) 012137987 | ||
| 090 |
_a12083417 _c12083417 |
||
| 100 | _a20191114d2019 u y0rusy50 ca | ||
| 101 | 0 | _arus | |
| 102 | _aRU | ||
| 105 | _ay|||z|||000zy | ||
| 200 | 1 |
_aНовый Завет Христа - зашифрованное послание земной цивилизации будущего _fНиколай Куклев |
|
| 210 |
_aМосква _cИнтернациональный Союз писателей _d2019 |
||
| 215 |
_a99, [2] с. _d21 |
||
| 225 | 1 | _aТаврида | |
| 300 | _aНа 4-й с. обл. авт.: Куклев Н.В., писатель, философ, публицист, педагог, географ | ||
| 320 | _aБиблиогр.: с. 99 (15 назв.) | ||
| 333 | _a16+ | ||
| 500 | 1 | 0 |
_aБиблия _iН.З. _3RU\NLR\AUTH\553088 |
| 606 | 1 |
_aХристианство _xОригинальные теории _2nlr_sh1 _2nlr_sh2 _3RU\NLR\AUTH\661457761 |
|
| 686 | 2 | _aЭ37я9 | |
| 700 | 1 |
_aКуклев _bН. В. _f1937- _gНиколай Васильевич _3RU\NLR\AUTH\778083 |
|
| 702 | 0 |
_aИисус Христос _3RU\NLR\AUTH\779638 _4570 |
|
| 942 | _cBOOK | ||
| 980 | _aNBR | ||
| 980 | _aNB | ||